Central Library OPAC University of Rajshahi

Fundamentals of mathematical statistics / (Record no. 52661)

MARC details
000 -LEADER
fixed length control field 00927nam a2200301 4500
001 - CONTROL NUMBER
control field 52661
003 - CONTROL NUMBER IDENTIFIER
rucl marc code BD-RjUL
005 - DATE AND TIME OF LATEST TRANSACTION
control field 20211209075836.0
008 - FIXED-LENGTH DATA ELEMENTS--GENERAL INFORMATION
fixed length control field 160925s19991994nyua b 001 0 eng
020 ## - INTERNATIONAL STANDARD BOOK NUMBER
International Standard Book Number 8170141206
Terms of availability : IRS 175.00
035 ## - SYSTEM CONTROL NUMBER
System control number BD-RjUL 52781
System control number (OCoLC)19630485
System control number GLIS00397900
040 ## - CATALOGING SOURCE
Original cataloging agency DLC
Transcribing agency DLC
Modifying agency MYG
-- BD-RjUL
Language of cataloging eng
041 ## - LANGUAGE CODE
Language code of text/sound track or separate title eng
082 ## - DEWEY DECIMAL CLASSIFICATION NUMBER
Edition number 23
Classification number 519.5
Author mark and year GUF 1999
100 1# - MAIN ENTRY--PERSONAL NAME
Personal name Gupta, S.C.
Dates associated with a name 1944-
9 (RLIN) 157484
245 10 - TITLE STATEMENT
Title Fundamentals of mathematical statistics /
Statement of responsibility, etc. S.C. Gupta
250 ## - EDITION STATEMENT
Edition statement 9th ed.
260 ## - PUBLICATION, DISTRIBUTION, ETC. (IMPRINT)
Place of publication, distribution, etc. New York :
Name of publisher, distributor, etc. Springer-Verlag,
Date of publication, distribution, etc. 1994 [reprint 1999]
300 ## - PHYSICAL DESCRIPTION
Pagination 1680 p. :
Illustrations ill. ;
Size 25 cm.
504 ## - BIBLIOGRAPHY, ETC. NOTE
Bibliography, etc Includes bibliographical reference and index.
650 #0 - SUBJECT ADDED ENTRY--TOPICAL TERM
Topical term or geographic name as entry element Mathematical statistics.
9 (RLIN) 157485
700 ## - ADDED ENTRY--PERSONAL NAME
Personal name Kapoor, V.K.
830 #0 - SERIES ADDED ENTRY--UNIFORM TITLE
Uniform title Springer texts in statistics.
942 ## - ADDED ENTRY ELEMENTS (KOHA)
Source of classification or shelving scheme Dewey Decimal Classification
Koha item type Books
Holdings
Lost status Source of classification or shelving scheme Damaged status Not for loan Collection code Permanent Location Current Location Shelving location Date acquired Source of acquisition Cost, normal purchase price Total Checkouts Total Renewals Full call number Date last seen Date checked out Copy number Koha item type
  Dewey Decimal Classification     Non-fiction Central Library, University of Rajshahi Central Library, University of Rajshahi   17/04/2001 Aligash library, Rajshahi 175.00 7 1 519.5 GUF 1999 08/02/2026 27/01/2026 C-2 Books
  Dewey Decimal Classification     Non-fiction Central Library, University of Rajshahi Central Library, University of Rajshahi   17/04/2001 Aligarh library, Rajshahi 175.00 1 1 519.5 GUF 1999 08/12/2021 04/11/2021 C-3 Books
  Dewey Decimal Classification     Non-fiction Central Library, University of Rajshahi Central Library, University of Rajshahi   17/04/2001 Aligarh library, Rajshahi 175.00 1   519.5 GUF 1999 03/10/2018 19/09/2018 C-4 Books